Detalles MARC
| 000 -Cabecera |
| Campo de control de longitud fija |
01790nam a22005657a 4500 |
| 005 - Fecha y hora de la última transacción |
| Campo de control |
20241111124810.0 |
| 008 - Elementos de longitud fija--Información general |
| Campo de control de longitud fija |
180404b xxu||||| |||| 00| 0 spa d |
| 020 ## - International Standard Book Number |
| Número Internacional Estándar del Libro (ISBN) |
9789587624373 |
| 041 ## - Idioma |
| Código de idioma |
|
| 082 ## - Clasificación Decimal Dewey |
| Número de clasificación |
658.3 P712p |
| 110 ## - Entrada principal--Autor corporativo |
| Nombre de entidad corporativa |
Interconsulting Bureau |
| 9 (RLIN) |
46525 |
| 245 ## - Título propiamente dicho |
| Título |
Planificación y gestión de recursos humanos |
| 260 ## - Pie de imprenta |
| Lugar de publicación, distribución, etc. |
Colombia |
| 260 ## - Pie de imprenta |
| Nombre del editor, distribuidor, etc. |
Ediciones de la U |
| 260 ## - Pie de imprenta |
| Fecha de publicación, distribución, etc. |
2015 |
| 300 ## - Descripción física |
| Extensión |
344 páginas |
| 650 ## - Materia general |
| Temática (materia general) |
RECURSOS HUMANOS |
| 650 ## - Materia general |
| Temática (materia general) |
LA DIRECCIÓN DE RECURSOS HUMANOS |
| 650 ## - Materia general |
| Temática (materia general) |
ESTRUCTURAS ORGANIZATIVAS |
| 650 ## - Materia general |
| Temática (materia general) |
ORGANIGRAMA |
| 650 ## - Materia general |
| Temática (materia general) |
HISTORIA DE LOS RECURSOS HUMANOS |
| 650 ## - Materia general |
| Temática (materia general) |
PERFIL DEL RESPONSABLE DE RECURSOS HUMANOS |
| 650 ## - Materia general |
| Temática (materia general) |
CAMBIO ORGANIZACIONAL |
| 650 ## - Materia general |
| Temática (materia general) |
ADMINISTRACIÓN DE CONFLICTOS |
| 650 ## - Materia general |
| Temática (materia general) |
DISGNÓSTICO DEL CAMBIO |
| 650 ## - Materia general |
| Temática (materia general) |
GESTIÓN DEL CAMBIO |
| 650 ## - Materia general |
| Temática (materia general) |
PLAN ESTRATÉGICO DE RECURSOS HUMANOS |
| 650 ## - Materia general |
| Temática (materia general) |
PLANIFICACIÓN DE PLANTILLAS |
| 650 ## - Materia general |
| Temática (materia general) |
PLANIFICACIÓN DE COSTES |
| 650 ## - Materia general |
| Temática (materia general) |
GESTIÓN POR COMPETENCIAS |
| 650 ## - Materia general |
| Temática (materia general) |
LAS COMPETENCIAS |
| 650 ## - Materia general |
| Temática (materia general) |
DISEÑO DE PERFILES |
| 650 ## - Materia general |
| Temática (materia general) |
POLÍTICAS DE RECURSOS HUMANOS |
| 650 ## - Materia general |
| Temática (materia general) |
GESTIÓN DEL CONOCIMIENTO |
| 650 ## - Materia general |
| Temática (materia general) |
GESTIÓN DEL TALENTO |
| 650 ## - Materia general |
| Temática (materia general) |
CAPITAL INTELECTUAL |
| 650 ## - Materia general |
| Temática (materia general) |
GESTIÓN POR OBJETIVOS |
| 650 ## - Materia general |
| Temática (materia general) |
GESTIÓN POR COMPETENCIAS |
| 650 ## - Materia general |
| Temática (materia general) |
GESTIÓN DEL CONOCIMIENTO Y DEL TALENTO |
| 650 ## - Materia general |
| Temática (materia general) |
TIPOS DE OBJETIVOS |
| 650 ## - Materia general |
| Temática (materia general) |
EVALUACIÓN DE RESULTADOS |
| 650 ## - Materia general |
| Temática (materia general) |
CUADRO DE MANDO |
| 650 ## - Materia general |
| Temática (materia general) |
ACCIONISTAS |
| 650 ## - Materia general |
| Temática (materia general) |
CLIENTES EXTERNOS |
| 650 ## - Materia general |
| Temática (materia general) |
EMPLEADOS |
| 650 ## - Materia general |
| Temática (materia general) |
PLANIFICACIÓN Y GESTIÓN DE RECURSOS HUMANOS |
| 650 ## - Materia general |
| Temática (materia general) |
ORGANIZACIÓN EMPRESARIAL |
| 650 ## - Materia general |
| Temática (materia general) |
CUADRO DE MANDO PARA LA GESTIÓN DE PERSONAS |
| 942 ## - Punto de acceso adicional KOHA |
| Tipo de ítem KOHA |
Libro |
| Fuente del sistema de clasificación o colocación |
Dewey Decimal Classification |